[Event "Mittelrhein Verbandsliga-N 18/19"]
[Site "Nordrheinwestfalen"]
[Date "2019.05.05"]
[Round "10.1"]
[White "Wimmer, Juergen"]
[Black "Schipp, Cyrill"]
[Result "0-1"]
[WhiteElo "2236"]
[BlackElo "2051"]
[PlyCount "72"]
[EventDate "2018.09.02"]
[EventType "team-tourn"]
[EventRounds "12"]
[EventCountry "GER"]
[SourceTitle "EXT 2022"]
[Source "ChessBase"]
[SourceDate "2021.10.06"]
[SourceVersion "1"]
[SourceVersionDate "2021.10.06"]
[SourceQuality "1"]
[WhiteTeam "Dormagen SV"]
[BlackTeam "Langenfeld II"]
[WhiteTeamCountry "GER"]
[BlackTeamCountry "GER"]

1. Nf3 e6 2. c4 c5 3. g3 b6 4. Bg2 Bb7 5. 0-0 Nf6 6. Nc3 Be7 7. Re1 0-0 8. e4 d6 9. d4 cxd4 10. Nxd4 Qc8 11. b3 a6 12. Bb2 Rd8 13. Rc1 Qd7 14. Qe2 Nc6 15. Na4 Qc7 16. Nb5 Qb8 17. Nxb6 axb5 18. Nxa8 Qxa8 19. cxb5 Ne5 20. a4 Ned7 21. f3 Nc5 22. Qe3 e5 23. Bf1 Ne6 24. Bh3 d5 25. Bxe5 dxe4 26. Bxe6 fxe6 27. Qb6 exf3 28. Qxe6+ Kh8 29. Rf1 Re8 30. Qb6 Nd7 31. Qd4 Nxe5 32. Qxe5 Bd5 33. Qc3 Bg5 34. Rce1 Qa7+ 35. Rf2 Rxe1+ 36. Qxe1 Be3 0-1

[Event "Mittelrhein Regionalliga 1718"]
[Site "Nordrheinwestfalen"]
[Date "2017.10.01"]
[Round "2.2"]
[White "Nagel, Bernhard"]
[Black "Schipp, Cyrill"]
[Result "1/2-1/2"]
[WhiteElo "2196"]
[BlackElo "2067"]
[PlyCount "50"]
[EventDate "2017.09.10"]
[EventType "team-tourn"]
[EventRounds "9"]
[EventCountry "GER"]
[SourceTitle "EXT 2022"]
[Source "ChessBase"]
[SourceDate "2021.10.06"]
[SourceVersion "1"]
[SourceVersionDate "2021.10.06"]
[SourceQuality "1"]
[WhiteTeam "Koeln Lasker"]
[BlackTeam "Langenfeld"]
[WhiteTeamCountry "GER"]
[BlackTeamCountry "GER"]

1. c4 Nf6 2. Nf3 e6 3. g3 d5 4. d4 Be7 5. Bg2 0-0 6. 0-0 c6 7. Qc2 Nbd7 8. Rd1 Ne4 9. Nfd2 f5 10. f3 Nxd2 11. Nxd2 Bf6 12. Nb3 Qe8 13. f4 Be7 14. a4 Nf6 15. a5 Ne4 16. Nd2 Bd7 17. b3 Rc8 18. Nxe4 fxe4 19. Be3 Qh5 20. Qd2 Qg4 21. c5 a6 22. Bf2 h5 23. h3 Qf5 24. Be3 Kh7 25. Kh2 Be8 1/2-1/2

[Event "Mittelrhein Verbandsliga-M 16/17"]
[Site "Nordrheinwestfalen"]
[Date "2016.10.23"]
[Round "3.3"]
[White "Schipp, Cyrill"]
[Black "Hendrix, Joachim"]
[Result "1/2-1/2"]
[WhiteElo "2040"]
[BlackElo "1973"]
[PlyCount "84"]
[EventDate "2016.09.11"]
[EventType "team-tourn"]
[EventRounds "11"]
[EventCountry "GER"]
[SourceTitle "EXT 2022"]
[Source "ChessBase"]
[SourceDate "2021.10.06"]
[SourceVersion "1"]
[SourceVersionDate "2021.10.06"]
[SourceQuality "1"]
[WhiteTeam "Langenfeld II"]
[BlackTeam "Gruenfeld"]
[WhiteTeamCountry "GER"]
[BlackTeamCountry "GER"]

1. e4 g6 2. d4 Bg7 3. Nf3 d6 4. c4 e5 5. dxe5 dxe5 6. Qxd8+ Kxd8 7. Be3 f6 8. Nc3 Be6 9. 0-0-0+ Nd7 10. Nd2 Bh6 11. Bxh6 Nxh6 12. Nb3 Kc8 13. Na4 Rd8 14. c5 c6 15. Rd6 Re8 16. Be2 Kc7 17. Rhd1 Nf7 18. R6d2 Red8 19. Kb1 b5 20. cxb6+ axb6 21. Nc3 f5 22. f3 Nf6 23. Rxd8 Nxd8 24. Nd2 b5 25. b3 Nb7 26. exf5 gxf5 27. Bd3 Nc5 28. Bc2 h5 29. Re1 Rd8 30. Nf1 b4 31. Nd1 e4 32. fxe4 f4 33. Nf2 Ng4 34. Nh3 Rf8 35. Ng5 Bc8 36. h3 Ne5 37. Nd2 Rg8 38. h4 Ba6 39. Ndf3 Ned3 40. Bxd3 Bxd3+ 41. Kb2 Re8 42. Nd2 Ba6 1/2-1/2

[Event "Mittelrhein Verbandsliga-M 16/17"]
[Site "Nordrheinwestfalen"]
[Date "2016.09.11"]
[Round "1.3"]
[White "Schipp, Cyrill"]
[Black "Welches, Torsten"]
[Result "1-0"]
[WhiteElo "2040"]
[BlackElo "1947"]
[PlyCount "119"]
[EventDate "2016.09.11"]
[EventType "team-tourn"]
[EventRounds "11"]
[EventCountry "GER"]
[SourceTitle "EXT 2022"]
[Source "ChessBase"]
[SourceDate "2021.10.06"]
[SourceVersion "1"]
[SourceVersionDate "2021.10.06"]
[SourceQuality "1"]
[WhiteTeam "Langenfeld II"]
[BlackTeam "Satranc Club"]
[WhiteTeamCountry "GER"]
[BlackTeamCountry "GER"]

1. e4 e6 2. d4 d5 3. Nd2 Nf6 4. e5 Nfd7 5. f4 c5 6. c3 Nc6 7. Ngf3 Qb6 8. Nb3 cxd4 9. Nfxd4 Be7 10. Bd3 Nc5 11. Bc2 Bd7 12. Nxc6 Bxc6 13. Nd4 Ne4 14. 0-0 Bc5 15. a4 0-0 16. a5 Bxd4+ 17. Qxd4 Qxd4+ 18. cxd4 Rac8 19. Be3 Rc7 20. Bd3 Rfc8 21. Rfd1 a6 22. Rac1 Ba4 23. Rxc7 Rxc7 24. Rc1 Rxc1+ 25. Bxc1 Kf8 26. Be2 Ke8 27. g4 g6 28. Kg2 Bb5 29. Bd1 Ke7 30. Kf3 Bf1 31. Ke3 f5 32. exf6+ Nxf6 33. Kf2 Bh3 34. Kg3 Bf1 35. Kf2 Bh3 36. Kg3 Bf1 37. Be3 Bd3 38. Kf3 Ne4 39. Ba4 Nd6 40. Bd2 Bb5 41. Bc2 Kf7 42. h4 Bc6 43. Be1 Nc4 44. Bc3 Nd6 45. Bb4 Ne4 46. Bd3 Nf6 47. f5 exf5 48. gxf5 Ne4 49. Kf4 Kf6 50. fxg6 hxg6 51. Bf8 Nf2 52. Bc2 Ne4 53. Bh6 Nd2 54. Bg5+ Kf7 55. b3 Ne4 56. Ke5 Nc3 57. Bd3 Nb5 58. Bf1 Nc3 59. Bh3 Ne4 60. Be6+ 1-0

[Event "Mittelrhein Verbandsliga Ost 1415"]
[Site "Mittelrhein"]
[Date "2014.12.07"]
[Round "5.1"]
[White "Schipp, Cyrill"]
[Black "Lotzien, Hans"]
[Result "1/2-1/2"]
[WhiteElo "2024"]
[BlackElo "2042"]
[PlyCount "52"]
[EventDate "2014.09.07"]
[EventType "team-tourn"]
[EventRounds "11"]
[EventCountry "GER"]
[SourceTitle "EXT 2023"]
[Source "ChessBase"]
[SourceDate "2022.10.05"]
[SourceVersion "1"]
[SourceVersionDate "2022.10.05"]
[SourceQuality "1"]
[WhiteTeam "Langenfeld II"]
[BlackTeam "Godesberg IV"]
[WhiteTeamCountry "GER"]
[BlackTeamCountry "GER"]

1. e4 e5 2. Nf3 Nc6 3. Bb5 Bd6 4. 0-0 Nge7 5. c3 0-0 6. d4 Ng6 7. Be3 Be7 8. Nxe5 Ncxe5 9. dxe5 Nxe5 10. f4 Nc6 11. Qf3 d6 12. Nd2 Bd7 13. Bd3 Qc8 14. Nc4 b5 15. Na3 b4 16. Nc2 bxc3 17. bxc3 Rb8 18. Rab1 a5 19. Nd4 Rxb1 20. Rxb1 Qa8 21. g4 Rb8 22. Rf1 Nxd4 23. cxd4 Bb5 24. Bxb5 Rxb5 25. e5 Qxf3 26. Rxf3 dxe5 1/2-1/2

[Event "Mittelrhein Regionalliga 1314"]
[Site "Mittelrhein"]
[Date "2013.11.10"]
[Round "3.3"]
[White "Roski, Ferdinand"]
[Black "Schipp, Cyrill"]
[Result "0-1"]
[WhiteElo "2203"]
[BlackElo "1974"]
[PlyCount "148"]
[EventDate "2013.09.15"]
[EventType "team-tourn"]
[EventRounds "11"]
[EventCountry "GER"]
[SourceTitle "EXT 2023"]
[Source "ChessBase"]
[SourceDate "2022.10.05"]
[SourceVersion "1"]
[SourceVersionDate "2022.10.05"]
[SourceQuality "1"]
[WhiteTeam "Godesberg II"]
[BlackTeam "Langenfeld II"]
[WhiteTeamCountry "GER"]
[BlackTeamCountry "GER"]

1. c4 e6 2. g3 Nf6 3. Bg2 d5 4. cxd5 exd5 5. Nf3 Be7 6. d4 0-0 7. 0-0 c6 8. b3 Bf5 9. Ba3 Bxb1 10. Bxe7 Qxe7 11. Rxb1 Ne4 12. Qc2 Nd7 13. b4 Nd6 14. e3 Nc4 15. Qb3 b5 16. a4 a6 17. Rfd1 Ndb6 18. a5 Nd7 19. Ne1 f5 20. Nd3 Rae8 21. Rbc1 Qd6 22. Qc2 Qf6 23. h4 Qd6 24. Nc5 Nxc5 25. dxc5 Qf6 26. Rd4 g6 27. Rf4 h5 28. Rd1 Qe5 29. Rdd4 Kg7 30. Bf3 Qe6 31. Qd1 Ne5 32. Be2 Nc4 33. Kg2 Rf7 34. Qc1 Rfe7 35. Bd3 Ne5 36. Bc2 Ng4 37. Qb1 Rf7 38. Rd2 Ne5 39. Qb2 Qf6 40. Re2 Nc4 41. Qb3 Qe6 42. Qd3 Qe5 43. Re1 Nb2 44. Qd4 Qxd4 45. Rxd4 Rfe7 46. Kf3 Kf6 47. Kf4 Nc4 48. Bd3 Nd2 49. Bxf5 gxf5 50. Rxd2 Re4+ 51. Kf3 Rxb4 52. Kg2 Rc4 53. f3 Rxc5 54. e4 Rc4 55. g4 hxg4 56. fxg4 Rexe4 57. Rxe4 Rxe4 58. g5+ Kg6 59. Rc2 Rc4 60. Re2 Rxh4 61. Re6+ Kxg5 62. Rxc6 Ra4 63. Rxa6 Kf4 64. Ra8 Ra2+ 65. Kh3 d4 66. a6 Kf3 67. a7 f4 68. Kh4 b4 69. Rd8 Rxa7 70. Rxd4 Rb7 71. Rd3+ Ke4 72. Rb3 Rb5 73. Kg4 Rb7 74. Kh4 Kd4 0-1

[Event "Regionalliga Mittelrhein 1213"]
[Site "Germany"]
[Date "2013.04.14"]
[Round "9.6"]
[White "Koegler, Christof"]
[Black "Schipp, Cyrill"]
[Result "0-1"]
[WhiteElo "1917"]
[BlackElo "1937"]
[PlyCount "58"]
[EventDate "2012.09.09"]
[EventType "team"]
[EventRounds "11"]
[EventCountry "GER"]
[SourceTitle "EXT 2015"]
[Source "ChessBase"]
[SourceDate "2014.11.20"]
[SourceVersion "1"]
[SourceVersionDate "2014.11.20"]
[SourceQuality "1"]
[WhiteTeam "Godesberg IV"]
[BlackTeam "Langenfeld II"]
[WhiteTeamCountry "GER"]
[BlackTeamCountry "GER"]

1. d4 d5 2. Nf3 Nf6 3. e3 Bf5 4. c4 c6 5. Nc3 e6 6. Qb3 Qb6 7. Be2 Nbd7 8. 0-0 Qxb3 9. axb3 a6 10. Ne5 Nxe5 11. dxe5 Nd7 12. f4 Nc5 13. b4 Nb3 14. Ra3 Nxc1 15. Rxc1 Bxb4 16. Rb3 a5 17. cxd5 exd5 18. e4 dxe4 19. Na2 Bd2 20. Rf1 Be6 21. Ra3 b5 22. Nc1 b4 23. Ra1 0-0 24. g4 a4 25. f5 Bd5 26. Bd1 a3 27. bxa3 Bc3 28. Rb1 Bd4+ 29. Kg2 bxa3 0-1

[Event "Regionalliga Mittelrhein 1213"]
[Site "Germany"]
[Date "2013.01.13"]
[Round "6.6"]
[White "Juelich, Thomas"]
[Black "Schipp, Cyrill"]
[Result "0-1"]
[WhiteElo "1975"]
[BlackElo "1937"]
[PlyCount "52"]
[EventDate "2012.09.09"]
[EventType "team"]
[EventRounds "11"]
[EventCountry "GER"]
[SourceTitle "EXT 2015"]
[Source "ChessBase"]
[SourceDate "2014.11.20"]
[SourceVersion "1"]
[SourceVersionDate "2014.11.20"]
[SourceQuality "1"]
[WhiteTeam "Pulheim"]
[BlackTeam "Langenfeld II"]
[WhiteTeamCountry "GER"]
[BlackTeamCountry "GER"]

1. e4 c5 2. b3 e6 3. Bb2 Nf6 4. e5 Ng8 5. Nf3 d5 6. exd6 Nf6 7. d4 Bxd6 8. dxc5 Qa5+ 9. c3 Bxc5 10. b4 Qb6 11. Qc2 Be7 12. Nbd2 Nbd7 13. a3 Qc7 14. Be2 b6 15. Nd4 Bb7 16. Nb5 Qb8 17. Bf3 Qe5+ 18. Be2 Bxg2 19. Rg1 Qxh2 20. Rxg2 Qxg2 21. Bf3 Qg1+ 22. Nf1 Rd8 23. Nxa7 Ne5 24. Be2 Nfg4 25. Bb5+ Kf8 26. Nc6 Nf3+ 0-1

[Event "Regionalliga Mittelrhein 1213"]
[Site "Germany"]
[Date "2012.10.21"]
[Round "3.6"]
[White "Schipp, Cyrill"]
[Black "Hoeren, Andreas"]
[Result "1/2-1/2"]
[WhiteElo "1984"]
[BlackElo "2114"]
[PlyCount "86"]
[EventDate "2012.09.09"]
[EventType "team"]
[EventRounds "11"]
[EventCountry "GER"]
[SourceTitle "EXT 2015"]
[Source "ChessBase"]
[SourceDate "2014.11.20"]
[SourceVersion "1"]
[SourceVersionDate "2014.11.20"]
[SourceQuality "1"]
[WhiteTeam "Langenfeld II"]
[BlackTeam "Koeln Lasker"]
[WhiteTeamCountry "GER"]
[BlackTeamCountry "GER"]

1. e4 c6 2. f4 d5 3. Nf3 Bg4 4. e5 e6 5. Be2 Nh6 6. 0-0 Nf5 7. c3 Nd7 8. Ng5 Bxe2 9. Qxe2 h5 10. Na3 Be7 11. Nf3 Qb6+ 12. d4 g6 13. Nc2 c5 14. Ne3 cxd4 15. Nxf5 d3+ 16. Qe3 gxf5 17. Qxb6 axb6 18. Rd1 Nc5 19. Be3 0-0 20. Bxc5 bxc5 21. Rxd3 Ra4 22. g3 Rfa8 23. a3 R8a6 24. Rc1 c4 25. Rd2 Bc5+ 26. Nd4 Rb6 27. Kf1 Ra5 28. Rcc2 Kg7 29. Ke2 Be7 30. Kf3 Bc5 31. Rd1 Bxd4 32. Rxd4 Rb3 33. Re2 Rab5 34. Rdd2 Rb6 35. Ke3 Rc6 36. Kd4 Rb5 37. Rd1 Ra5 38. Rg1 Ra8 39. h3 Rg8 40. g4 Kf8 41. Reg2 hxg4 42. hxg4 fxg4 43. Rxg4 Rxg4 1/2-1/2

[Event "Mittelrhein Verbandsliga-M 1112"]
[Site "Germany"]
[Date "2012.03.18"]
[Round "8.4"]
[White "Proba, Stefan"]
[Black "Schipp, Cyrill"]
[Result "0-1"]
[WhiteElo "1862"]
[BlackElo "1957"]
[PlyCount "52"]
[EventDate "2011.09.18"]
[EventType "team-tourn"]
[EventRounds "11"]
[EventCountry "GER"]
[SourceTitle "EXT 2013"]
[Source "ChessBase"]
[SourceDate "2012.11.22"]
[SourceVersion "1"]
[SourceVersionDate "2012.11.22"]
[SourceQuality "1"]
[WhiteTeam "Koeln Ford SF II"]
[BlackTeam "Langenfeld III"]
[WhiteTeamCountry "GER"]
[BlackTeamCountry "GER"]

1. d4 Nf6 2. c4 c5 3. d5 b5 4. a4 bxc4 5. Nc3 g6 6. e4 d6 7. f4 Bg4 8. Be2 Bxe2 9. Qxe2 Bg7 10. Nf3 0-0 11. Qxc4 Nbd7 12. a5 Rb8 13. 0-0 Rb4 14. Qe2 Qb8 15. e5 dxe5 16. fxe5 Ng4 17. d6 e6 18. Na2 Ra4 19. Qc2 Rxa5 20. Bf4 Ngxe5 21. Nxe5 Bxe5 22. Bxe5 Nxe5 23. d7 Nxd7 24. Rad1 Rxa2 25. Rxd7 Qxb2 26. Qe4 Ra1 0-1

[Event "Mittelrhein Verbandsliga-M 1112"]
[Site "Germany"]
[Date "2012.02.05"]
[Round "6.4"]
[White "Gerdau, Andreas"]
[Black "Schipp, Cyrill"]
[Result "0-1"]
[WhiteElo "1866"]
[BlackElo "1957"]
[PlyCount "46"]
[EventDate "2011.09.18"]
[EventType "team-tourn"]
[EventRounds "11"]
[EventCountry "GER"]
[SourceTitle "EXT 2013"]
[Source "ChessBase"]
[SourceDate "2012.11.22"]
[SourceVersion "1"]
[SourceVersionDate "2012.11.22"]
[SourceQuality "1"]
[WhiteTeam "Kalker/Deutzer SG"]
[BlackTeam "Langenfeld III"]
[WhiteTeamCountry "GER"]
[BlackTeamCountry "GER"]

1. e4 c5 2. c3 b6 3. d4 Bb7 4. Bd3 Nf6 5. Nd2 e6 6. Ne2 cxd4 7. Nxd4 Nc6 8. 0-0 Ne5 9. Bc2 Bc5 10. N2f3 Nxf3+ 11. Qxf3 Rc8 12. Bd3 Qc7 13. Re1 h5 14. Nb5 Qb8 15. Bf4 e5 16. Be3 a6 17. Bxc5 Rxc5 18. Na3 Kf8 19. Nc2 Qa8 20. Rad1 Rh6 21. Qf5 d6 22. Re3 Rg6 23. Ne1 Bc8 0-1

[Event "Mittelrhein Verbandsliga-M 1112"]
[Site "Germany"]
[Date "2011.09.18"]
[Round "1.4"]
[White "Krebs, Dietmar"]
[Black "Schipp, Cyrill"]
[Result "1/2-1/2"]
[WhiteElo "1966"]
[BlackElo "1957"]
[PlyCount "60"]
[EventDate "2011.09.18"]
[EventType "team-tourn"]
[EventRounds "11"]
[EventCountry "GER"]
[SourceTitle "EXT 2013"]
[Source "ChessBase"]
[SourceDate "2012.11.22"]
[SourceVersion "1"]
[SourceVersionDate "2012.11.22"]
[SourceQuality "1"]
[WhiteTeam "Koeln Lasker II"]
[BlackTeam "Langenfeld III"]
[WhiteTeamCountry "GER"]
[BlackTeamCountry "GER"]

1. e4 c5 2. Nf3 e6 3. d4 cxd4 4. Nxd4 a6 5. Bd3 Qb6 6. Nb3 Qc7 7. 0-0 Nf6 8. Nc3 Be7 9. Qe2 d6 10. f4 Nbd7 11. Kh1 h5 12. Nd4 b5 13. f5 e5 14. Nf3 Bb7 15. Bg5 Nc5 16. Bxf6 Bxf6 17. a4 b4 18. Nd5 Bxd5 19. exd5 Kf8 20. Be4 Rc8 21. Rf2 a5 22. b3 Qb6 23. Nd2 Ke7 24. Nc4 Qa7 25. Rf3 Nd7 26. Qe3 Qxe3 27. Rxe3 Rc5 28. Rd1 Rb8 29. Re2 Nb6 30. Nxb6 Rxb6 1/2-1/2

[Event "Duesseldorf Post op"]
[Site "Duesseldorf"]
[Date "2010.12.29"]
[Round "5"]
[White "Coenen, Michael"]
[Black "Schipp, Cyrill"]
[Result "1/2-1/2"]
[WhiteElo "2322"]
[BlackElo "1898"]
[PlyCount "120"]
[EventDate "2010.12.26"]
[EventType "swiss"]
[EventRounds "7"]
[EventCountry "GER"]
[SourceTitle "CBM 140 Extra"]
[Source "ChessBase"]
[SourceDate "2011.03.01"]
[SourceVersion "1"]
[SourceVersionDate "2011.03.01"]
[SourceQuality "1"]

1. e4 c5 2. Nf3 e6 3. d4 cxd4 4. Nxd4 a6 5. Be2 Nf6 6. Nd2 Qc7 7. c3 Be7 8. 0-0 d6 9. Re1 Nbd7 10. Bd3 b6 11. Nf1 Bb7 12. Bc2 0-0 13. Bg5 Nc5 14. f3 Rfd8 15. Qe2 Rac8 16. Rad1 b5 17. Kh1 Nh5 18. Qe3 Nf6 19. Qe2 Nh5 20. Bc1 Bh4 21. g3 Be7 22. g4 Nf6 23. Ng3 Ne8 24. Rg1 g6 25. Bh6 Bf6 26. Rde1 b4 27. h4 bxc3 28. bxc3 Nd7 29. Bb3 Qxc3 30. Nxe6 fxe6 31. Bxe6+ Kh8 32. h5 Ne5 33. Rb1 Ba8 34. Rbc1 Qxf3+ 35. Qxf3 Nxf3 36. Bxc8 Nxg1 37. Kxg1 Be5 38. Kg2 Nf6 39. Bg5 Rf8 40. Bxf6+ Bxf6 41. Bxa6 Be5 42. Bd3 d5 43. hxg6 Bxg3 44. Kxg3 dxe4 45. Bb1 hxg6 46. Kh4 Kg7 47. Kg5 Rf7 48. Rc8 Bd5 49. Rd8 Bc4 50. Rd4 Bd3 51. Bxd3 exd3 52. Rxd3 Ra7 53. Rd2 Ra5+ 54. Kh4 Kh6 55. Rg2 Ra4 56. Kg3 Kg5 57. Kf3 Ra3+ 58. Ke4 Ra4+ 59. Kd3 Ra3+ 60. Kc4 Ra4+ 1/2-1/2

[Event "Duesseldorf Nord Cup 9th GrE"]
[Site "Duesseldorf"]
[Date "2009.08.16"]
[Round "5.2"]
[White "Marx, Henning"]
[Black "Schipp, Cyrill"]
[Result "1/2-1/2"]
[WhiteElo "1995"]
[BlackElo "1859"]
[PlyCount "30"]
[EventDate "2009.08.14"]
[EventType "tourn"]
[EventRounds "5"]
[EventCountry "GER"]
[SourceTitle "EXT 2017"]
[Source "ChessBase"]
[SourceDate "2016.10.25"]
[SourceVersion "1"]
[SourceVersionDate "2016.10.25"]
[SourceQuality "1"]

1. d4 d5 2. Nf3 Nf6 3. Bg5 Ne4 4. Bf4 Bf5 5. Nbd2 Nc6 6. c3 e6 7. e3 Be7 8. Nxe4 Bxe4 9. Bd3 Bxd3 10. Qxd3 Bd6 11. Bg3 0-0 12. 0-0 Bxg3 13. hxg3 Ne7 14. e4 dxe4 15. Qxe4 Qd5 1/2-1/2

[Event "Duesseldorf Nord Cup 9th GrE"]
[Site "Duesseldorf"]
[Date "2009.08.15"]
[Round "2.3"]
[White "Eigemann, Julian"]
[Black "Schipp, Cyrill"]
[Result "1/2-1/2"]
[WhiteElo "1740"]
[BlackElo "1859"]
[PlyCount "51"]
[EventDate "2009.08.14"]
[EventType "tourn"]
[EventRounds "5"]
[EventCountry "GER"]
[SourceTitle "EXT 2017"]
[Source "ChessBase"]
[SourceDate "2016.10.25"]
[SourceVersion "1"]
[SourceVersionDate "2016.10.25"]
[SourceQuality "1"]

1. e4 c5 2. Nf3 e6 3. d3 d5 4. Nbd2 Nc6 5. g3 Qc7 6. Bg2 Nf6 7. 0-0 Be7 8. c3 0-0 9. Nh4 dxe4 10. dxe4 Rd8 11. f4 e5 12. f5 c4 13. Qe2 b5 14. g4 Nd7 15. Ndf3 Nc5 16. g5 Nd3 17. g6 hxg6 18. fxg6 Bc5+ 19. Be3 Nf4 20. gxf7+ Qxf7 21. Qf2 Nd3 22. Qe2 Nf4 23. Qe1 Nd3 24. Qd2 Nf4 25. Qc1 Nd3 26. Qd2 1/2-1/2

[Event "Dortmund Sparkassen op-B"]
[Site "Dortmund"]
[Date "2008.07.06"]
[Round "9"]
[White "Schipp, Cyrill"]
[Black "Yin, Stanley"]
[Result "1/2-1/2"]
[WhiteElo "1874"]
[BlackElo "1892"]
[PlyCount "44"]
[EventDate "2008.06.30"]
[EventType "swiss"]
[EventRounds "9"]
[EventCountry "GER"]
[SourceTitle "EXT 2022"]
[Source "ChessBase"]
[SourceDate "2021.10.06"]
[SourceVersion "1"]
[SourceVersionDate "2021.10.06"]
[SourceQuality "1"]

1. e4 c6 2. d4 Na6 3. Nf3 d6 4. Bc4 Nc7 5. 0-0 g6 6. c3 Bg7 7. e5 d5 8. Bd3 Bg4 9. h3 Bxf3 10. Qxf3 f5 11. g4 fxg4 12. Qxg4 Qd7 13. Qxd7+ Kxd7 14. c4 Nh6 15. Nc3 Raf8 16. Be3 Nf5 17. cxd5 Nxd5 18. Nxd5 cxd5 19. Rac1 a6 20. Rc5 Nxe3 21. fxe3 Rxf1+ 22. Kxf1 e6 1/2-1/2

[Event "Leverkusen-ch op"]
[Site "Leverkusen"]
[Date "2007.02.26"]
[Round "5"]
[White "Gutt, Oswald"]
[Black "Schipp, Cyrill"]
[Result "1/2-1/2"]
[WhiteElo "2056"]
[BlackElo "1820"]
[PlyCount "130"]
[EventDate "2007.01.08"]
[EventType "swiss"]
[EventRounds "7"]
[EventCountry "GER"]
[SourceTitle "EXT 2008"]
[Source "ChessBase"]
[SourceDate "2007.11.25"]
[SourceVersion "1"]
[SourceVersionDate "2007.11.25"]
[SourceQuality "1"]

1. d4 d5 2. c4 e6 3. Nc3 Be7 4. Nf3 Nf6 5. Bg5 h6 6. Bxf6 Bxf6 7. e3 0-0 8. Rc1 Re8 9. Be2 c6 10. 0-0 Nd7 11. e4 dxe4 12. Nxe4 e5 13. Nd6 Re6 14. c5 e4 15. Ne1 Bg5 16. Bc4 Rxd6 17. cxd6 Bxc1 18. Qxc1 Nb6 19. Bb3 Qxd6 20. Qe3 Be6 21. Qxe4 Bxb3 22. axb3 Rd8 23. Nf3 Qd5 24. Qe7 Qd7 25. Qa3 a6 26. Re1 Nd5 27. Ne5 Qd6 28. Qa5 Re8 29. g3 Qb4 30. Qxb4 Nxb4 31. Rc1 Rd8 32. Rc4 Nd5 33. Nd3 Re8 34. Nc5 Re1+ 35. Kg2 b5 36. Rc2 Nb4 37. Rd2 Kf8 38. Kf3 Ke7 39. Re2+ Rxe2 40. Kxe2 Kd6 41. Kd2 Kd5 42. Ke3 Na2 43. Kd3 Nc1+ 44. Kc2 Ne2 45. Nxa6 Nxd4+ 46. Kc3 c5 47. b4 c4 48. Nc7+ Ke5 49. f4+ Ke4 50. Ne8 Nf5 51. g4 Nd4 52. Nxg7 Ne2+ 53. Kd2 Nxf4 54. Nf5 h5 55. Ng3+ Ke5 56. Nxh5 Nd5 57. h4 Nxb4 58. Ng3 Nd5 59. Ne2 b4 60. g5 Kf5 61. Nd4+ Kg4 62. Nc6 Kxh4 63. Ne5 c3+ 64. bxc3 bxc3+ 65. Kc2 Kxg5 1/2-1/2

[Event "Leverkusen-ch op"]
[Site "Leverkusen"]
[Date "2007.02.12"]
[Round "4"]
[White "Schipp, Cyrill"]
[Black "Birnkott, Manfred"]
[Result "1/2-1/2"]
[WhiteElo "1820"]
[BlackElo "2020"]
[PlyCount "56"]
[EventDate "2007.01.08"]
[EventType "swiss"]
[EventRounds "7"]
[EventCountry "GER"]
[SourceTitle "EXT 2008"]
[Source "ChessBase"]
[SourceDate "2007.11.25"]
[SourceVersion "1"]
[SourceVersionDate "2007.11.25"]
[SourceQuality "1"]

1. e4 c5 2. Nf3 d6 3. d4 cxd4 4. Nxd4 Nf6 5. Nc3 g6 6. Be3 Bg7 7. f3 0-0 8. Bc4 Nc6 9. Qd2 Bd7 10. 0-0-0 Rc8 11. Bb3 Ne5 12. Kb1 Nc4 13. Bxc4 Rxc4 14. Nde2 b5 15. b3 Rc8 16. Bh6 b4 17. Bxg7 Kxg7 18. Nd5 Nxd5 19. Qxd5 a5 20. h4 Qc7 21. Qd2 h5 22. Rdg1 Rh8 23. g4 hxg4 24. fxg4 Qc5 25. h5 g5 26. Nd4 f6 27. Nf5+ Bxf5 28. exf5 Qc3 1/2-1/2

[Event "Leverkusen-ch op"]
[Site "Leverkusen"]
[Date "2007.01.29"]
[Round "3"]
[White "Marino, Eric"]
[Black "Schipp, Cyrill"]
[Result "0-1"]
[WhiteElo "1623"]
[BlackElo "1820"]
[PlyCount "48"]
[EventDate "2007.01.08"]
[EventType "swiss"]
[EventRounds "7"]
[EventCountry "GER"]
[SourceTitle "EXT 2008"]
[Source "ChessBase"]
[SourceDate "2007.11.25"]
[SourceVersion "1"]
[SourceVersionDate "2007.11.25"]
[SourceQuality "1"]

1. e4 c5 2. Nf3 e6 3. d4 cxd4 4. Nxd4 a6 5. f4 d5 6. e5 Bc5 7. Be3 Qb6 8. b3 Nc6 9. c3 Nge7 10. b4 Bxd4 11. Bxd4 Nxd4 12. cxd4 Qxb4+ 13. Qd2 Nc6 14. Qxb4 Nxb4 15. Na3 Nc6 16. Nc2 b5 17. Bd3 Bd7 18. 0-0 Ke7 19. Rfb1 Rhb8 20. Kf2 Na5 21. a4 bxa4 22. Rxb8 Rxb8 23. Bxa6 Rb2 24. Bd3 Nb3 0-1